Loading...
| Fine Arts - Classical Music | 6 | 18.33 | 100% | 83% | 0% |
| Fine Arts - Other Fine Arts | 3 | 10.00 | 67% | 33% | 0% |
| Fine Arts - Visual Fine Arts | 5 | 14.00 | 100% | 20% | 20% |
| Geography/Current Events | 3 | 10.00 | 100% | 0% | 0% |
| History - American History | 3 | 10.00 | 100% | 0% | 0% |
| History - European History | 3 | 13.33 | 100% | 33% | 0% |
| History - Other History | 3 | 16.67 | 100% | 67% | 0% |
| History - World History | 4 | 15.00 | 100% | 50% | 0% |
| Literature - American Literature | 4 | 10.00 | 100% | 0% | 0% |
| Literature - British Literature | 4 | 5.00 | 50% | 0% | 0% |
| Literature - European Literature | 4 | 7.50 | 75% | 0% | 0% |
| Literature - World/Other Literature | 3 | 10.00 | 100% | 0% | 0% |
| Mythology | 2 | 10.00 | 50% | 50% | 0% |
| Other Academic | 1 | 20.00 | 100% | 100% | 0% |
| Philosophy | 4 | 12.50 | 100% | 0% | 25% |
| Science - Biology | 4 | 10.00 | 100% | 0% | 0% |
| Science - Chemistry | 3 | 13.33 | 67% | 67% | 0% |
| Science - Other Science | 1 | 10.00 | 0% | 100% | 0% |
| Science - Physics | 5 | 10.00 | 100% | 0% | 0% |
| Social Science | 6 | 15.00 | 100% | 17% | 33% |